[Event "Dhaka Saarc op"]
[Site "Dhaka"]
[Date "2019.12.01"]
[Round "7"]
[White "Nurul, Islam"]
[Black "Mohammad, Minhaz Uddin"]
[Result "0-1"]
[WhiteElo "1910"]
[BlackElo "2322"]
[PlyCount "82"]
[EventDate "2019.11.25"]
[EventType "swiss"]
[EventRounds "9"]
[EventCountry "BAN"]
[SourceTitle "CBM 193 Extra"]
[Source "ChessBase"]
[SourceDate "2020.01.31"]
[SourceVersion "1"]
[SourceVersionDate "2020.01.31"]
[SourceQuality "1"]

1. e4 e5 2. Nf3 Nf6 3. d4 Nxe4 4. Bd3 Nc6 5. d5 Nc5 6. dxc6 e4 7. cxd7+ Bxd7 8. Bc4 exf3 9. Qxf3 Qe7+ 10. Be3 Bc6 11. Bd5 Bxd5 12. Qxd5 Rd8 13. Qc4 Qe6 14. Qxe6+ Nxe6 15. 0-0 Bd6 16. Nc3 Be5 17. Ne2 b6 18. c3 f5 19. Rae1 Kf7 20. f4 Bf6 21. Rd1 c5 22. Kf2 g6 23. Ng1 h6 24. g3 g5 25. fxg5 hxg5 26. Kg2 Kg6 27. h3 Be5 28. Rxd8 Rxd8 29. Re1 Kf6 30. Nf3 Bc7 31. Rf1 Rd3 32. Bc1 b5 33. g4 f4 34. Bd2 Bd6 35. a3 Nf8 36. Re1 Ng6 37. Rf1 Nh4+ 38. Nxh4 Rxd2+ 39. Kf3 gxh4 40. Ke4 c4 41. Rg1 Rd3 0-1

[Event "BAN-chB 44th"]
[Site "Dhaka"]
[Date "2018.11.14"]
[Round "2"]
[White "Nurul, Islam"]
[Black "Jabed, Al Azad"]
[Result "0-1"]
[WhiteElo "1891"]
[BlackElo "2008"]
[PlyCount "66"]
[EventDate "2018.11.13"]
[EventType "swiss"]
[EventRounds "9"]
[EventCountry "BAN"]
[SourceTitle "CBM 187 Extra"]
[Source "ChessBase"]
[SourceDate "2018.11.04"]
[SourceVersion "1"]
[SourceVersionDate "2018.11.04"]
[SourceQuality "1"]

1. Nf3 d5 2. d4 Nf6 3. g3 Bf5 4. Bg2 e6 5. 0-0 Be7 6. c4 0-0 7. cxd5 exd5 8. Nc3 c6 9. Qb3 Qb6 10. Qxb6 axb6 11. Bg5 Nbd7 12. Ne5 h6 13. Nxd7 Bxd7 14. Bxf6 Bxf6 15. e3 b5 16. a3 Bf5 17. Rfc1 Ra7 18. Na2 Be7 19. Rc3 b4 20. Rb3 Bc2 21. Rxb4 Bxb4 22. Nxb4 Bf5 23. Rc1 Re8 24. Rc3 Raa8 25. f3 Re7 26. Kf2 Rc8 27. h4 g5 28. g4 Bg6 29. h5 Bh7 30. Bh3 Kg7 31. Bf1 f5 32. Bd3 Rf8 33. Bxf5 Bxf5 0-1